000 00829nam a2200181Ia 4500
008 090123s9999 xx 000 0 und d
082 _b17498
100 _aभालेराव अनंत
245 _aहैद्राबादचा स्वातंत्र्य संग्राम आणि मराठवाडा
250 _a1
260 _bमौज प्रि.ब्यूरो
_c1987
300 _a639
600 _aभालेराव अनंत
630 _aहैद्राबादचा स्वातंत्र्य संग्राम आणि मराठवाडा
700 _aभालेराव अनंत
730 _aहैद्राबादचा स्वातंत्र्य संग्राम आणि मराठवाडा
942 _cBOOK
999 _c55557
_d55557